Využívanie štatistických nástrojov a metód pri zlepšovaní procesov

Gespeichert in:
Bibliographische Detailangaben
1. Verfasser: Pokusová, Anna, 1990- (Verfasst von)
Weitere Verfasser: Urdziková, Jana (Betreuung Doktorarbeit)
Format: Manuskript Buch
Sprache:Slowakisch
Veröffentlicht: Trnava : STU v Bratislave MTF UPMK, 2012
Schlagworte:
Online-Zugang:VAIS
Tags: Tag hinzufügen
Keine Tags, Fügen Sie das erste Tag hinzu!

MARC

LEADER 00000ntm a22000003a 4500
001 stu251113
005 20150617230204.3
008 120719s2012----xo------------------slo-d
040 |a STU  |b slo 
041 0 |a slo 
044 |a xo 
100 1 |a Pokusová, Anna,  |d 1990-  |4 aut  |u M  |T MTF Materiálovotechnologická fakulta  |X 66061  |U M  |Y 60  |7 A000066061 
242 0 0 |a Use of statistical tools and methods to improve processes   |y eng 
245 1 |a Využívanie štatistických nástrojov a metód pri zlepšovaní procesov 
260 |a Trnava :  |b STU v Bratislave MTF UPMK,  |c 2012 
300 |a 64s  |c CD ROM 
650 7 |a kvalita produkcie  |2 stusub 
650 7 |a Production Quality  |2 estusub 
650 7 |a statistical methods  |2 estusub 
650 7 |a quality  |2 estusub 
650 7 |a štatistické metódy  |2 stusub 
650 7 |a procesný prístup  |2 stusub 
650 7 |a systém manažérstva kvality  |2 stusub 
650 7 |a kvalita  |2 stusub 
700 1 |a Urdziková, Jana  |4 ths  |u M4000  |U MTF Materiálovotechnologická fakulta  |T MTF Ústav priemyselného inžinierstva a manažmentu  |U M4000  |Y 84 
856 4 |a info a plný text  |u http://is.stuba.sk/zp/portal_zp.pl?podrobnosti=66136  |3 VAIS 
996 |c M*BP-5633  |l MMSKP  |s P  |a 0  |w stu251113_0001